| 000 | 00692nab a2200205 4500 | ||
|---|---|---|---|
| 003 | BR-BrBNA | ||
| 005 | 20250222115435.0 | ||
| 008 | 250222b bl.||||| |||| 00| 0 por d | ||
| 040 |
_aBR-BrBNA _bpor |
||
| 072 |
_aN01 ; N20 _b4430 ; 4630 |
||
| 100 | _aAndrade, Lívia | ||
| 245 |
_aBebedouros de aço _bAgronegócios |
||
| 500 | _a1 illus. | ||
| 650 | _aBEBEDOURO | ||
| 650 | _aINSTALAÇÃO PARA ANIMAL | ||
| 650 | _aABASTECIMENTO DE ÁGUA | ||
| 773 | 0 |
_01706 _9347820 _dSão Paulo-SP Editora Três Ltda - E-mail: luizfsa@revistadinheiro.com.br 2004 _o2025-0322 _tDinheiro Rural (Brazil) _x1807-3700 _gv. 2(7) p. 63; (May 2005) _wBR2024004805 |
|
| 942 | _cANA | ||
| 999 |
_c330093 _d330093 |
||